000 00357nam a2200145Ia 4500
008 221030s9999 xx 000 0 und d
041 _aEnglish
082 _a105.23
_bPat
100 _aS. K. Patra
245 0 _aDirectory Of Engineering Colleges In India
260 _bCosmos Book-Hive
_aIndia
_c1968
300 _a128
650 _aDictionary
942 _cBK
999 _c7440
_d7440